Revista de la Universidad de México/ (Record no. 4001)

MARC details
000 -LEADER
campo de control de longitud fija 01453nam a22002777a 4500
003 - IDENTIFICADOR DE NÚMERO DE CONTROL
campo de control OSt
005 - FECHA Y HORA DE LA ÚLTIMA TRANSACCIÓN
campo de control 20230706131027.0
008 - DATOS DE LONGITUD FIJA--INFORMACIÓN GENERAL
campo de control de longitud fija 221006b |||||||| |||| 00| 0 eng d
040 ## - FUENTE DE CATALOGACIÓN
Centro/agencia transcriptor Biblioteca Lado V
082 ## - NÚMERO DE LA CLASIFICACIÓN DECIMAL DEWEY
Número de clasificación 701.18
Número de ítem N473r
100 ## - ENTRADA PRINCIPAL--NOMBRE DE PERSONA
9 (RLIN) 875
Nombre de persona Nettel, Guadalupe
Término indicativo de función/relación directora
245 ## - MENCIÓN DEL TÍTULO
Título Revista de la Universidad de México/
Resto del título El Pacifico/
260 ## - PUBLICACIÓN, DISTRIBUCIÓN, ETC.
Fecha de publicación, distribución, etc. 2019
Nombre del editor, distribuidor, etc. Universidad Autónoma de Mexico
Lugar de publicación, distribución, etc. Mexico
300 ## - DESCRIPCIÓN FÍSICA
Dimensiones 18x26cm
Extensión 172p.
490 ## - MENCIÓN DE SERIE
Designación de volumen o secuencia 2019
Número Internacional Normalizado para Publicaciones Seriadas 0185 1330
Mención de serie 849
505 ## - NOTA DE CONTENIDO CON FORMATO
Nota de contenido con formato Editorial
505 ## - NOTA DE CONTENIDO CON FORMATO
Nota de contenido con formato Dossier
Título Mare Pacificum<br/><br/>Los tatuajes polinesios<br/><br/>El ojo<br/><br/>El Estilo Hawaiano<br/><br/>La gran Mancha de Basura del Pacifico<br/><br/>Oceano-Mundo<br/><br/>Escribir<br/><br/>Historias Insulares en el pacifico mexicano<br/><br/>Varua rapa nui<br/><br/>clipperton isla Mexicana<br/><br/>Islas<br/><br/>Islas Japonesas<br/><br/>El surgimiento del mar<br/><br/>Una descolonizacion inconclusa<br/><br/>El pacifico chino<br/><br/>
505 ## - NOTA DE CONTENIDO CON FORMATO
Nota de contenido con formato Arte
Título Miradas del pacifico de Moises Barrios
505 ## - NOTA DE CONTENIDO CON FORMATO
Nota de contenido con formato Panoptico
Título El oficio<br/><br/>Palco<br/><br/>Alambique<br/><br/>Agora<br/><br/>Personajes secundarios<br/><br/>Otros Mundos
505 ## - NOTA DE CONTENIDO CON FORMATO
Nota de contenido con formato Critica
Título Sin Justificar<br/><br/>Esta Noche el Gran Terremoto<br/><br/>Tema Libre<br/><br/>Apocalypse Now<br/><br/>Nuestros Autores
650 #0 - PUNTO DE ACCESO ADICIONAL DE MATERIA--TÉRMINO DE MATERIA
Fuente del encabezamiento o término Tesauro de Arte & Arquitectura
Término de materia o nombre geográfico como elemento de entrada ARTE
9 (RLIN) 702
650 #0 - PUNTO DE ACCESO ADICIONAL DE MATERIA--TÉRMINO DE MATERIA
Fuente del encabezamiento o término Tesauro de Arte & Arquitectura
Término de materia o nombre geográfico como elemento de entrada PINTURA
650 ## - PUNTO DE ACCESO ADICIONAL DE MATERIA--TÉRMINO DE MATERIA
Fuente del encabezamiento o término Tesauro de Arte & Arquitectura
Término de materia o nombre geográfico como elemento de entrada ANALISIS
650 ## - PUNTO DE ACCESO ADICIONAL DE MATERIA--TÉRMINO DE MATERIA
Fuente del encabezamiento o término Tesauro de Arte & Arquitectura
Término de materia o nombre geográfico como elemento de entrada CRITICA
942 ## - ELEMENTOS DE ENTRADA SECUNDARIOS (KOHA)
Fuente del sistema de clasificación o colocación Clasificación Decimal Dewey
Tipo de ítem Koha Libros
Parte de la signatura que corresponde a la clasificación (Parte de la clasificación) 701.18
Parte de la signatura que identifica el ejemplar (Parte del ítem) N473r
Suprimir en OPAC No
Holdings
Estatus retirado Estado de pérdida Fuente del sistema de clasificación o colocación Especificación de materiales (volumen encuadernado u otra parte) Estado de daño No para préstamo Colección Biblioteca de origen Biblioteca actual Fecha de adquisición Enumeración/cronología de publicación seriada Número de inventario Total de préstamos Signatura topográfica completa Código de barras Visto por última vez Precio de reemplazo Tipo de ítem Koha
    Clasificación Decimal Dewey 2019     Revistas Biblioteca LadoV Biblioteca LadoV 06/07/2023 849 003185   701.18 N473r 003185 06/07/2023 06/07/2023 Libros